|
|
|
|
| LEADER |
00000csc a2200000 a 4500 |
| 001 |
218 |
| 005 |
20230308210140.0 |
| 008 |
000000| ||||||||r|||||||||||spa|| |
| 040 |
|
|
|b spa
|
| 041 |
1 |
|
|a spa
|
| 082 |
0 |
|
|a 185
|
| 100 |
1 |
|
|a Aristóteles
|9 287249
|
| 245 |
|
|
|a Obras de Aristóteles
|c Aristóteles, trad. de D. Patricio de Azcarate
|h imp
|n tomo 1
|
| 264 |
|
|
|a Madrid
|b Medina y Navarro, Editores
|c s.f.
|
| 300 |
|
|
|a xxiv; 318 páginas:
|c 22.5 cm
|
| 490 |
|
|
|a Biblioteca Filosófica
|
| 504 |
|
|
|a incl. ref.
|
| 650 |
|
|
|a Moral
|
| 650 |
|
|
|a Aristoteles
|9 287079
|
| 852 |
|
|
|a UC-CDJBV
|c ESTANTERIA CERRADA
|f Compra
|k margarita.gutierrez
|l 1
|m Limitada
|p 00000000
|q 50.00
|t 218
|y 394187
|b 1
|d CDRC
|e CDRC
|g 185 ESTANTERIA CERRADA
|z 0000-00-00
|
| 856 |
|
|
|a http://sibuc.ucuenca.edu.ec/portada/218-cdj.jpg
|
| 942 |
|
|
|
| 999 |
|
|
|c 114184
|d 114184
|